Religion Quiz

Random Religion or Animal Quiz

Mythological Creatures: Odd Animal Out Quiz Stats

 Plays Quiz Updated Jun 9, 2018

Score 0/12 Timer 04:00
1 Play Today
Question Answer Wrong Answers
Mermaid Squid
93.7%
Human
1.5%
Fish
1.9%
Sphinx Crocodile
91.9%
Lion
2.6%
Human
2.7%
Centaur Goat
89.3%
Human
1.9%
Horse
6%
Griffin Human
88.4%
Eagle
4.2%
Lion
4.5%
Harpy Weasel
88.3%
Human
4.8%
Bird
4.1%
Faun Bull
85.8%
Human
5.5%
Goat
5.7%
Hippogriff Vulture
85.7%
Eagle
6.4%
Horse
5.1%
Pegasus Human
83.3%
Bird
10%
Horse
3.9%
Ichthyocentaur Centipede
73.7%
Human
6.4%
Fish
12.8%
Horse
4%
Garuda Panda
69.7%
Eagle
14.4%
Human
12.6%
Enfield Badger
53.7%
Lion
15.9%
Fox
16.5%
Wolf
10.3%
Zhulong Ox
41.8%
Human
30.8%
Snake
24.3%

You're not logged in!

Compare scores with friends on all Sporcle quizzes.
OR
Log In

Sporcle TV

Today on Sporcle TV


Watch our educational content, quiz creation guides, and fun videos on Sporcle TV.

Show Comments

Extras

Top Quizzes Today


Score Distribution

Your Account Isn't Verified!

In order to create a playlist on Sporcle, you need to verify the email address you used during registration. Go to your Sporcle Settings to finish the process.

Report this User

Report this user for behavior that violates our Community Guidelines.

Details: